[Event "GRE-chT 42nd"]
[Site "Porto Rio"]
[Date "2014.07.01"]
[Round "5.8"]
[White "Pagonis, Ioannis"]
[Black "Hatzihrisafis, Dimos"]
[Result "0-1"]
[WhiteElo "1654"]
[BlackElo "1830"]
[PlyCount "100"]
[EventDate "2014.06.28"]
[EventType "team-swiss"]
[EventRounds "7"]
[EventCountry "GRE"]
[SourceTitle "CBM 161 Extra"]
[Source "ChessBase"]
[SourceDate "2014.08.29"]
[SourceVersion "1"]
[SourceVersionDate "2014.08.29"]
[SourceQuality "1"]
[WhiteTeam "Nautical Association"]
[BlackTeam "Kavalas OFS"]
[WhiteTeamCountry "GRE"]
[BlackTeamCountry "GRE"]

1. e4 c5 2. Nc3 d6 3. g3 Nf6 4. Bg2 e6 5. Nge2 a6 6. d4 cxd4 7. Nxd4 Qc7 8. 0-0 Be7 9. Qe2 0-0 10. Re1 Bd7 11. e5 dxe5 12. Qxe5 Qxe5 13. Rxe5 Ra7 14. Re2 b5 15. Bf4 b4 16. Nd5 Nxd5 17. Bxd5 Bf6 18. Be3 exd5 19. Ne6 fxe6 20. Bxa7 Nc6 21. Bc5 Rc8 22. Rb1 Nd4 23. Bxd4 Bxd4 24. a3 a5 25. axb4 axb4 26. Kg2 Kf7 27. h4 Ba4 28. c3 bxc3 29. bxc3 Bxc3 30. Rb7+ Kg8 31. Rxe6 d4 32. Ra7 Bc6+ 33. f3 d3 34. Rd6 Bb5 35. Ra3 Bb4 36. Rdxd3 Rc2+ 37. Kh3 Bxa3 38. Rxa3 h5 39. g4 Bd7 40. Rd3 Be6 41. Rd4 Rc4 42. Rxc4 Bxc4 43. Kg3 Kf7 44. Kf4 Kf6 45. Ke4 Be6 46. Kf4 Bd7 47. gxh5 Bf5 48. h6 gxh6 49. h5 Be6 50. Ke4 Bf7 0-1

[Event "GRE-chT 42nd"]
[Site "Porto Rio"]
[Date "2014.06.28"]
[Round "1.8"]
[White "Grigoriadis, Mihail"]
[Black "Pagonis, Ioannis"]
[Result "1-0"]
[WhiteElo "1965"]
[BlackElo "1654"]
[PlyCount "57"]
[EventDate "2014.06.28"]
[EventType "team-swiss"]
[EventRounds "7"]
[EventCountry "GRE"]
[SourceTitle "CBM 161 Extra"]
[Source "ChessBase"]
[SourceDate "2014.08.29"]
[SourceVersion "1"]
[SourceVersionDate "2014.08.29"]
[SourceQuality "1"]
[WhiteTeam "AEK"]
[BlackTeam "Nautical Association"]
[WhiteTeamCountry "GRE"]
[BlackTeamCountry "GRE"]

1. e4 g6 2. d4 Bg7 3. Nc3 d6 4. f4 e6 5. Nf3 Ne7 6. Be3 Nd7 7. Bd3 c5 8. 0-0 0-0 9. Qd2 cxd4 10. Nxd4 a6 11. f5 e5 12. Nde2 b5 13. Rf3 b4 14. Na4 Nc6 15. Raf1 Nd4 16. Nxd4 exd4 17. Bh6 Nf6 18. Bxg7 Kxg7 19. Qxb4 Bd7 20. Qxd4 Bxa4 21. Qxa4 Qb6+ 22. Kh1 Qxb2 23. Qc6 Qe5 24. fxg6 fxg6 25. Rxf6 Rxf6 26. Qb7+ Kh6 27. Qxa8 Rxf1+ 28. Bxf1 Qb2 29. Qf8+ 1-0